| 000 | 01212cam a2200301 a 4500 | ||
|---|---|---|---|
| 001 | 11809124 | ||
| 003 | OSt | ||
| 005 | 20180117090007.0 | ||
| 008 | 991013s2000 maua b 001 0 eng | ||
| 010 | _a 99053308 | ||
| 020 | _a063120461X (hb : alk. paper) | ||
| 020 | _a0631204628 (pb : alk. paper) | ||
| 040 |
_aDLC _cDLC _dDLC |
||
| 050 | 0 | 0 |
_aHG3881 _b.H255 2000 |
| 082 | 0 | 0 |
_a332.4/5 _221 |
| 100 | 1 | _aHallwood, C. Paul. | |
| 245 | 1 | 0 |
_aInternational money and finance / _cC. Paul Hallwood, Ronald MacDonald. |
| 250 | _a3rd ed. | ||
| 260 |
_aMalden, Mass. : _bBlackwell, _c2000. |
||
| 300 |
_axviii, 547 p. : _bill. ; _c25 cm. |
||
| 504 | _aIncludes bibliographical references (p. [490]-529) and indexes. | ||
| 650 | 0 | _aInternational finance. | |
| 700 | 1 |
_aMacDonald, Ronald, _d1955- |
|
| 906 |
_a7 _bcbc _corignew _d1 _eocip _f19 _gy-gencatlg |
||
| 942 |
_2ddc _cBK |
||
| 999 |
_c3488 _d3488 |
||